000 00341nam a2200145Ia 4500
005 20251222153623.0
008 251222s9999||||xx |||||||||||||| ||spa||
020 _a9788467216943
082 _a863.6/M42
100 _aMéndez, Alberto
245 0 _aLos Girasoles Ciegos
250 _a1ra.ed.
264 _bCírculo Lectores
942 _cLIB
999 _c32045
_d32045